Elementos de teoria literaria /

Guardado en:
Autor Principal: Oyuela, Calixto
Formato: Libro
Publicado: Buenos Aires : Angel Estrada & Cia, 1950
Edición:3a. ed.
Materias:
Etiquetas: Agregar Etiqueta
Sin Etiquetas, Sea el primero en etiquetar este registro!
LEADER 00513nam a22001815a 4500
001 EHU.bham024094
003 AR-BHAM
005 20130507120051.0
008 130507s1950##################000#0#####d
082 8 0 |a 801 
100 1 |a Oyuela, Calixto 
245 1 0 |a Elementos de teoria literaria /  |c Calixto Oyuela 
250 |a 3a. ed. 
260 |a Buenos Aires :  |b Angel Estrada & Cia,  |c 1950 
300 |a 551 p. 
653 |a Teoria literaria 
653 |a Literatura 
859 |a AR-BHAM  |b BIB. HUMANIDADES - General  |h 801  |i OY8  |p 497.93  |t Ej.1